Le pape et le concile par Janus / (Record no. 161344)

MARC details
000 -LEADER
campo de control de longitud fija 00600nam a2200169 4500
001 - NÚMERO DE CONTROL
campo de control 161344
003 - IDENTIFICADOR DE NÚMERO DE CONTROL
campo de control ES-MaACL
005 - FECHA Y HORA DE LA ÚLTIMA TRANSACCIÓN
campo de control 20230906212250.0
008 - DATOS DE LONGITUD FIJA--INFORMACIÓN GENERAL
campo de control de longitud fija 950309s1869 fr |||| | fre d
040 ## - FUENTE DE CATALOGACIÓN
Centro catalogador/agencia de origen EUS
Lengua de catalogación spa
Centro/agencia transcriptor EUS
245 03 - MENCIÓN DEL TÍTULO
Título Le pape et le concile par Janus /
Mención de responsabilidad, etc. traduit de l'allemand avec l'autorisation des auteurs par Giraud-Teulon, fils.
260 ## - PUBLICACIÓN, DISTRIBUCIÓN, ETC.
Lugar de publicación, distribución, etc. Paris :
Nombre del editor, distribuidor, etc. Librairie Internationale,
Fecha de publicación, distribución, etc. 1869 (
Lugar de fabricación/manufactura Bruxelles :
Fabricante Typ. de A. Lacroix)
300 ## - DESCRIPCIÓN FÍSICA
Extensión XXIV, 462 p. ;
Dimensiones 18 cm.
700 21 - ENTRADA AGREGADA--NOMBRE PERSONAL
Nombre de persona Giraud-Teulon
Títulos y otros términos asociados al nombre , Hijo.
9 (RLIN) 127335
852 ## - LOCALIZACIÓN
Ubicación ES-MaACL
Número de control de estantería D-4650
Nota libre -- Enc. tela
Holdings
Estatus retirado Estado de pérdida Estado de daño No para préstamo Colección Biblioteca de origen Biblioteca actual Ubicación en estantería Fecha de adquisición Fuente de adquisición Total de préstamos Signatura topográfica completa Código de barras Visto por última vez Precio de reemplazo Tipo de ítem Koha
        Libros del s. XIX Biblioteca del Ateneo de Madrid Biblioteca del Ateneo de Madrid Sala Valle Inclán 17/01/2008     D-4650 901168998 23/02/2023 23/02/2023 Libro impreso antiguo